LEADER 01699oam 2200457 450 001 9910712809503321 005 20200213144701.0 035 $a(CKB)5470000002498092 035 $a(OCoLC)985370691 035 $a(EXLCZ)995470000002498092 100 $a20170503d1979 ua 0 101 0 $aeng 135 $aurbn||||||||| 181 $ctxt$2rdacontent 182 $cc$2rdamedia 183 $acr$2rdacarrier 200 10$aApplication of transient-flow model to the Sacramento River at Sacramento, California /$fby Richard N. Oltmann 210 1$aMenlo Park, California :$cU.S. Geological Survey,$d1979. 215 $a1 online resource (iv, 23 pages) $cillustrations, maps 225 1 $aWater-resources investigations ;$v78-119 300 $a"Prepared in cooperation with the California Department of Water Resources." 300 $a"February 1979." 320 $aIncludes bibliographical references (page 15). 606 $aStream measurements$zCalifornia$xMathematical models 606 $aStream measurements$xMathematical models$2fast 607 $aSacramento River (Calif.)$xComputer simulation 607 $aCalifornia$2fast 615 0$aStream measurements$xMathematical models. 615 7$aStream measurements$xMathematical models. 700 $aOltmann$b R. N$g(Richard N.),$01406749 712 02$aGeological Survey (U.S.), 712 02$aCalifornia.$bDepartment of Water Resources. 801 0$bCOP 801 1$bCOP 801 2$bOCLCO 801 2$bOCLCF 801 2$bGPO 906 $aBOOK 912 $a9910712809503321 996 $aApplication of transient-flow model to the Sacramento River at Sacramento, California$93486503 997 $aUNINA